00336 a2200121 4500001001000000005001700010008004100027245001800068100002100086700002200107773007000129999001500199ART_3032220260410161604.0260409a 10aActivos fijos1 aPriotto, Hugo C.1 aWerbin, Eliana M.0 tProfesional & Empresariag- Año XVI, Nº 190 (jul. 2015)wREV70 c9986d9986